000 00587nam a2200193Ia 4500
005 20250508155803.0
008 008 250505s9999 xx 000 0 eng d
037 _aDissertations
040 _aFEDL
_beng
_cFEDL
041 _aeng
_2eng
084 _a370.954 166, LAL/DI
_qFEDL
100 _aLal Muana
_9767507
245 0 _aStudy of the development of secondary education in Mizoram form 1947-1973
260 _c1976
300 _a180p.
546 _aM. Ed. Dissertation (Delhi University)
942 _cDIS
_h370.954 166, LAL/DI
999 _c1359292
_d1359292